<?xml version="1.0" encoding="UTF-8"?>
<marc:record xmlns:marc="http://www.loc.gov/MARC21/slim">
   <marc:leader>00000nam a2200000 a 4500</marc:leader>
   <marc:datafield ind1=" " ind2=" " tag="653">
      <marc:subfield code="a">Freundschaft</marc:subfield>
   </marc:datafield>
   <marc:datafield ind1=" " ind2=" " tag="653">
      <marc:subfield code="a">Hilfsbereitschaft</marc:subfield>
   </marc:datafield>
   <marc:datafield ind1=" " ind2=" " tag="653">
      <marc:subfield code="a">Kamishibai</marc:subfield>
   </marc:datafield>
   <marc:datafield ind1=" " ind2=" " tag="653">
      <marc:subfield code="a">Reimgeschichte</marc:subfield>
   </marc:datafield>
   <marc:datafield ind1="0" ind2="0" tag="245">
      <marc:subfield code="a">Borst vom Forst</marc:subfield>
   </marc:datafield>
   <marc:datafield ind1="0" ind2="0" tag="245">
      <marc:subfield code="b">Bilderbuchgeschichten für unser Erzähltheater</marc:subfield>
   </marc:datafield>
   <marc:datafield ind1=" " ind2="1" tag="264">
      <marc:subfield code="b">Don Bosco Medien GmbH</marc:subfield>
      <marc:subfield code="c">2024</marc:subfield>
   </marc:datafield>
   <marc:datafield ind1="1" ind2=" " tag="520">
      <marc:subfield code="a">mit vollständiger Textvorlage
Altersstufe: 3 bis 6 Jahre

Neugierde trifft Hilfsbereitschaft: Poetische Geschichte mit Reimen fürs Erzähltheater 


Eines Tages findet der Frischling Borst eine Meeresschnecke im Wald. Die duftet so himmlisch nach Gegenteil. Das Fernweh ist geweckt: Er will unbedingt die Schnecke nach Hause bringen. Aber der Weg zum Meer ist weit und gefährlich. Zum Glück begegnet er vielen Tieren, die Mitgefühl zeigen und ihm dabei helfen, seinen Traum zu erfüllen. 
Yvonne Herganes poetische Tiergeschichte erzählt mit Reimen und voller Wortwitz davon, dass auch ein kleines Wildschwein das Meer erreichen kann, wenn es Hilfe bekommt. Eine spannende Bilderbuchgeschichte fürs Erzähltheater, die auch die eigene Selbstwirksamkeit stärkt!</marc:subfield>
   </marc:datafield>
</marc:record>
